LIBRARY & INFORMATION CENTRE, KCAET, TAVANUR

ONLINE PUBLIC ACCESS CATALOGUE (OPAC)

Mechanical Engineering (Conventional and Objective Type) (Record no. 14293)

MARC details
000 -LEADER
fixed length control field 00334nam a22001217a 4500
020 ## - INTERNATIONAL STANDARD BOOK NUMBER
ISBN 8121906288
082 ## - DEWEY DECIMAL CLASSIFICATION NUMBER
Classification number 621.01
Item number KHU/ME
100 ## - MAIN ENTRY--AUTHOR NAME
Personal name Khurmi,R.S
-- Gupta,J.K
245 ## - TITLE STATEMENT
Title Mechanical Engineering (Conventional and Objective Type)
260 ## - PUBLICATION, DISTRIBUTION, ETC. (IMPRINT)
Place of publication New Delhi
Name of publisher Eurasia Publishing house Pvt.Ltd
Year of publication 2014
300 ## - PHYSICAL DESCRIPTION
Number of Pages 838
942 ## - ADDED ENTRY ELEMENTS (KOHA)
Koha item type Books
Holdings
Withdrawn status Lost status Damaged status Collection code Home library Current library Shelving location Date acquired Source of acquisition Cost, normal purchase price Full call number Accession Number Koha item type
        KAUAET KAUAET General Stacks 14/06/2016 Universal Research Books, Thrissur 525.00 621.01 KHU/ME 24324 Books
        KAUAET KAUAET General Stacks 02/07/2016 Dream Tech, Trivandrum 525.00 621.01 KHU/ME 24411 Books
free website counter